00851cam a2200265 a 450000100100000000500170001000800410002702000150006804000200008308200240010310000430012724500530017025000120022326000370023530000210027258600270029358600200032065000280034065000310036891000280039991000070042704900090043495201270044399900150057000000807220200929154424.0891018s1994 sp 000 f spa d a8432245933 aDO-SdBNPbBNPHU a863.64bM971i, 19941 aMuñoz Molina, Antonio,d1956-91503513aEl invierno en Lisboa /cAntonio Muñoz Molina. a28a ed. aBarcelona :bSeix Barral,c1994. a187 p. ;c20 cm. aPremio de la crítica aPremio nacional 4aNovela española91123 4aLiteratura española9632 aCatalogación derivada aWM aBNGR 001052708MOaGRbGRcHDd2009-09-14iLF1l0o863.64 M971i, 1994p8072-10r2020-06-25w2020-06-25y2ZPréstamo interno c7849d7849